00687nam a2200205 a 4500001001000000005001700010008004100027020001500068040001800083050002200101100001900123245006300142260006700205300002400272440002900296504003100325650005600356650004200412650002700454BRCA_133420190320203359.0900309s1984 mx-a---##b---f000-0#spa-# a9685804575 aDLCcDLCdDLC 4aNK9924b.D85 19841 aDujovne, Marta10aLas pinturas con incrustaciones de nácarcMarta Dujovne. aMéxicobUNAM, Instituto de Investigaciones Estéticasc1984 a271 p.bil.c23 cm. 0aMonografías de arten8 aBibliografía: p. 267-26814aMarqueteríaxHistoriaySiglo XVII-XVIIIzMéxico14aArte cristiano y simbolismozMéxico14aMadre perla en el arte